000 00476nam a2200145 a 4500
001 000033138
005 20200930070043.0
008 110817s1913 dr 000 0 spa d
040 _aDO-SdBNP
_bspa
_cBNPHU
245 0 0 _aPrograma de la velada que en homenaje del poeta Gastón F. Deligne se celebro en San Pedro de Macorís el 17 de frebrero de 1913.
246 1 0 _aPrograma
260 _aSan Pedro de Macorís :
_b[s.n.],
_c1913.
300 _a96 p. ;
_c22 cm.
049 _aBNPD
999 _c32629
_d32629